| 000 | 00968nam a2200277 i 4500 | ||
|---|---|---|---|
| 001 | 17041 | ||
| 003 | ES-MaACL | ||
| 005 | 20240125063127.0 | ||
| 007 | t| | ||
| 008 | 001215s1977 sp ||||1| spa d | ||
| 020 | _a84-339-0051-X | ||
| 080 | _a929 Freud, Sigmund | ||
| 080 | _a929 Groddeck, Georg Walther | ||
| 100 | 1 |
_aFreud, Sigmund, _d1856-1939 _952547 |
|
| 245 | 1 | 0 |
_aCorrespondencia / _cSigmund Freud ; Georg Groddeck ; [traducción del alemán Eduardo Subirats]. |
| 260 |
_aBarcelona : _bAnagrama, _c[1977] |
||
| 300 |
_a124 p. ; _c20 cm. |
||
| 490 | 1 |
_aColección Argumentos ; _v51 |
|
| 600 | 1 | 4 |
_aFreud, Sigmund, _d1856-1939- _vCorrespondencia _952548 |
| 600 | 1 | 4 |
_aGroddeck, Georg ( _d1866-1934)- _vCorrespondencia. _9164902 |
| 700 | 1 |
_aGroddeck, Georg ( _d1866-1934) _960107 |
|
| 700 | 0 |
_aSubirats, Eduardo. _9108696 |
|
| 830 | 0 |
_aColección Argumentos ; _v51 _9178071 |
|
| 852 |
_aES-MaACL _jL-24012 _bR.129101 |
||
| 999 |
_c17041 _d17041 |
||